[Event "Tradewise Gibraltar Chess Festival 2013"]
[Site "Gibraltar ENG"]
[Date "2013.01.28"]
[Round "7.62"]
[White "Jaunooby, Ali R"]
[Black "Godard, Maxence"]
[Result "0-1"]
[WhiteElo "2178"]
[BlackElo "2340"]
[PlyCount "86"]
[EventDate "2013.01.22"]
[EventType "swiss"]
[EventRounds "10"]
[EventCountry "ENG"]
[Source "lmi"]
[SourceDate "2013.01.22"]

1. d4 Nf6 2. Nf3 e6 3. c4 b6 4. a3 Bb7 5. Nc3 d5 6. cxd5 Nxd5 7. Qc2 Be7 8. e4
Nxc3 9. bxc3 c5 10. Bb5+ Bc6 11. Bd3 O-O 12. O-O b5 13. Qe2 c4 14. Bc2 Nd7 15.
d5 exd5 16. Nd4 Bb7 17. e5 Bc5 18. f4 Re8 19. Be3 Qb6 20. Rf3 Nf8 21. Rb1 a6
22. a4 b4 23. a5 Qxa5 24. cxb4 Bxb4 25. Rh3 g6 26. Rg3 Rab8 27. Nf5 Bc5 28.
Nh6+ Kg7 29. f5 Nd7 30. Nxf7 Nxe5 31. Ng5 d4 32. f6+ Kxf6 33. Qf2+ Kg7 34. Bxd4
Bxd4 35. Qxd4 Qd5 36. Qh4 h6 37. Ne4 Qd4+ 38. Kh1 Bxe4 39. Rxb8 Rxb8 40. Qe7+
Kg8 41. Qe6+ Kg7 42. Qe7+ Nf7 43. Qxe4 Qa1+ 0-1

[Event "Tradewise Gibraltar Chess Festival 2013"]
[Site "Gibraltar ENG"]
[Date "2013.01.28"]
[Round "7.63"]
[White "Stockmann, Michael"]
[Black "Veltkamp, Gerben"]
[Result "0-1"]
[WhiteElo "2312"]
[BlackElo "2200"]
[PlyCount "52"]
[EventDate "2013.01.22"]
[EventType "swiss"]
[EventRounds "10"]
[EventCountry "ENG"]
[Source "lmi"]
[SourceDate "2013.01.22"]

1. d4 Nf6 2. Nf3 c5 3. d5 b5 4. Bg5 Ne4 5. Bh4 Qb6 6. Nbd2 f5 7. Nxe4 fxe4 8.
Nd2 g5 9. Bxg5 Qg6 10. Be3 Bg7 11. c3 Bb7 12. Qb3 Na6 13. Qxb5 Bxd5 14. Qa4 Rb8
15. Qc2 O-O 16. f3 Ba8 17. O-O-O d5 18. Nb3 d4 19. Nxc5 dxc3 20. Qa4 cxb2+ 21.
Kb1 Nxc5 22. Bxc5 exf3+ 23. Rd3 f2 24. h4 Be4 25. Qc4+ Kh8 26. Rhh3 Qxg2 0-1

[Event "Tradewise Gibraltar Chess Festival 2013"]
[Site "Gibraltar ENG"]
[Date "2013.01.28"]
[Round "7.64"]
[White "Byron, Alan M"]
[Black "Piasetski, Leon"]
[Result "1/2-1/2"]
[WhiteElo "2167"]
[BlackElo "2310"]
[PlyCount "99"]
[EventDate "2013.01.22"]
[EventType "swiss"]
[EventRounds "10"]
[EventCountry "ENG"]
[Source "lmi"]
[SourceDate "2013.01.22"]

1. e4 c5 2. Nf3 e6 3. d4 cxd4 4. Nxd4 a6 5. Bd3 Bc5 6. Nb3 Be7 7. Be3 d6 8. f4
Nd7 9. Qe2 h5 10. N1d2 Ngf6 11. O-O-O Qc7 12. Kb1 b6 13. Rhf1 Bb7 14. g3 e5 15.
Bg1 h4 16. Nc4 Nh5 17. Qf2 Nhf6 18. Qe2 g6 19. Nbd2 Nc5 20. Bxc5 Qxc5 21. fxe5
dxe5 22. Nf3 hxg3 23. Ncxe5 Rh5 24. Nxg6 fxg6 25. e5 O-O-O 26. exf6 Bxf6 27.
Qe6+ Kb8 28. Qxf6 Rf8 29. Qxg6 Rxf3 30. Rxf3 gxh2 31. Rff1 h1=Q 32. Qg3+ Ka7
33. Rxh1 Rxh1 34. Rxh1 Bxh1 35. Qg7+ Bb7 36. Be4 Qc8 37. a4 Ka8 38. Qxb7+ Qxb7
39. Bxb7+ Kxb7 40. c3 Kc6 41. Kc2 b5 42. Kb3 Kc5 43. a5 Kd5 44. Kc2 b4 45. Kb3
bxc3 46. bxc3 Kd6 47. c4 Ke5 48. Kc3 Ke4 49. c5 Kd5 50. Kb4 1/2-1/2

[Event "Tradewise Gibraltar Chess Festival 2013"]
[Site "Gibraltar ENG"]
[Date "2013.01.28"]
[Round "7.65"]
[White "Lee, Kai Jie Edward"]
[Black "Forsaa, Espen"]
[Result "0-1"]
[WhiteElo "2164"]
[BlackElo "2305"]
[PlyCount "116"]
[EventDate "2013.01.22"]
[EventType "swiss"]
[EventRounds "10"]
[EventCountry "ENG"]
[Source "lmi"]
[SourceDate "2013.01.22"]

1. e4 c5 2. Nf3 e6 3. d4 cxd4 4. Nxd4 a6 5. Nc3 b5 6. Bd3 Qb6 7. Nf3 Bb7 8. O-O
Be7 9. Re1 Qc7 10. e5 f5 11. exf6 Nxf6 12. Bg5 Nc6 13. Bxf6 gxf6 14. a4 b4 15.
Ne4 f5 16. Ng3 O-O 17. Nh5 Kh8 18. Qd2 Rg8 19. Bxf5 Qa5 20. Qxd7 Qxf5 21. Qxb7
Qxf3 22. Ng3 Qd5 23. Rad1 Ra7 24. Rxd5 Rxb7 25. Rxe6 Rc8 26. Nf5 Bf8 27. g4 Ne7
28. Nxe7 Rxe7 29. Rxe7 Bxe7 30. Rd2 Rc4 31. h3 Kg7 32. Kg2 h6 33. f3 Bg5 34.
Re2 Kf6 35. Kg3 Rd4 36. h4 Bf4+ 37. Kf2 a5 38. h5 Rc4 39. Ke1 Kg5 40. Kf2 Rd4
41. Kg2 Rd2 42. Kf1 Rxe2 43. Kxe2 Bc1 44. b3 Kf4 45. Kf2 Bd2 46. Ke2 Be3 47. g5
hxg5 48. h6 Bd4 49. h7 Bg7 50. Kf2 Bc3 51. Ke2 Kg3 52. Ke3 Kg2 53. Ke2 Kg1 54.
Ke3 Kf1 55. Kd3 Kf2 56. Ke4 Ke2 57. Kf5 Kxf3 58. Kxg5 Ke3 0-1

[Event "Tradewise Gibraltar Chess Festival 2013"]
[Site "Gibraltar ENG"]
[Date "2013.01.28"]
[Round "7.66"]
[White "Palencia, Wilson"]
[Black "Meyer, Kai-Christian"]
[Result "0-1"]
[WhiteElo "2282"]
[BlackElo "2177"]
[PlyCount "102"]
[EventDate "2013.01.22"]
[EventType "swiss"]
[EventRounds "10"]
[EventCountry "ENG"]
[Source "lmi"]
[SourceDate "2013.01.22"]

1. e4 e5 2. Nf3 Nc6 3. Bb5 a6 4. Bxc6 dxc6 5. d4 exd4 6. Qxd4 Qxd4 7. Nxd4 Bd7
8. Bg5 f6 9. Bh4 O-O-O 10. O-O c5 11. Nf3 g5 12. Bg3 h5 13. h4 g4 14. Nfd2 Bh6
15. Nb3 b6 16. Nc3 Bc6 17. Rad1 Ne7 18. Rfe1 Rxd1 19. Rxd1 Rd8 20. Rxd8+ Kxd8
21. f3 f5 22. Be5 gxf3 23. gxf3 fxe4 24. Nxe4 Nf5 25. Bf6+ Kd7 26. Nbd2 Nd4 27.
Bxd4 cxd4 28. Nf1 Bxe4 29. fxe4 Bf4 30. Kf2 Ke6 31. Ke2 Ke5 32. Kd3 c5 33. c3
dxc3 34. bxc3 b5 35. Ne3 c4+ 36. Ke2 Kxe4 37. Nc2 Be5 38. Nb4 a5 39. Nc2 Bxc3
40. Na3 Bf6 41. Nxb5 Bxh4 42. Nd6+ Kd5 43. Nf5 Bf6 44. Ne3+ Kc5 45. Nc2 h4 46.
a4 h3 47. Kf3 h2 48. Kg2 Be5 49. Ne3 Kb4 50. Kh1 c3 51. Nd5+ Kxa4 0-1

[Event "Tradewise Gibraltar Chess Festival 2013"]
[Site "Gibraltar ENG"]
[Date "2013.01.28"]
[Round "7.67"]
[White "Diaz Velandia, Jose Manuel"]
[Black "Uran Bermudez, Oliver Kevin"]
[Result "1/2-1/2"]
[WhiteElo "2271"]
[BlackElo "2113"]
[PlyCount "60"]
[EventDate "2013.01.22"]
[EventType "swiss"]
[EventRounds "10"]
[EventCountry "ENG"]
[Source "lmi"]
[SourceDate "2013.01.22"]

1. d4 d5 2. Nf3 Nf6 3. e3 e6 4. Bd3 Bd6 5. O-O O-O 6. Nbd2 Nbd7 7. c3 c6 8. e4
e5 9. dxe5 Nxe5 10. Nxe5 Bxe5 11. f4 dxe4 12. Nxe4 Bc7 13. Qc2 Nxe4 14. Bxe4 f5
15. Bf3 Be6 16. Be3 Bb6 17. Rfe1 g6 18. Qf2 Bxe3 19. Rxe3 Re8 20. Rae1 Qd7 21.
b3 Bf7 22. c4 Rxe3 23. Rxe3 Re8 24. Rxe8+ Qxe8 25. g3 a6 26. Kg2 Qe7 27. Qd4
Kf8 28. Qh8+ Bg8 29. Qd4 Bf7 30. Kf2 Qc7 1/2-1/2

[Event "Tradewise Gibraltar Chess Festival 2013"]
[Site "Gibraltar ENG"]
[Date "2013.01.28"]
[Round "7.68"]
[White "Amato, Andrea"]
[Black "Obiamiwe, Paul"]
[Result "1-0"]
[WhiteElo "2259"]
[BlackElo "1973"]
[PlyCount "51"]
[EventDate "2013.01.22"]
[EventType "swiss"]
[EventRounds "10"]
[EventCountry "ENG"]
[Source "lmi"]
[SourceDate "2013.01.22"]

1. c4 e6 2. Nf3 d5 3. g3 Be7 4. Bg2 Nf6 5. O-O O-O 6. b3 b6 7. Bb2 Bb7 8. e3 c5
9. Nc3 dxc4 10. bxc4 Qc8 11. Qe2 Rd8 12. Rfd1 Nc6 13. Rac1 Rd7 14. d4 cxd4 15.
exd4 Na5 16. Ne5 Rd8 17. d5 exd5 18. Nxd5 Nxd5 19. cxd5 Bc5 20. Qh5 g6 21. Nxg6
Nc4 22. Rxc4 Bxf2+ 23. Kh1 fxg6 24. Qe5 Qd7 25. Qh8+ Kf7 26. Qg7+ 1-0

[Event "Tradewise Gibraltar Chess Festival 2013"]
[Site "Gibraltar ENG"]
[Date "2013.01.28"]
[Round "7.69"]
[White "Burrows, Martin P"]
[Black "Scharrer, Patrick"]
[Result "0-1"]
[WhiteElo "2153"]
[BlackElo "2248"]
[PlyCount "70"]
[EventDate "2013.01.22"]
[EventType "swiss"]
[EventRounds "10"]
[EventCountry "ENG"]
[Source "lmi"]
[SourceDate "2013.01.22"]

1. e4 g6 2. d4 Bg7 3. Nc3 d6 4. Be3 a6 5. Qd2 b5 6. O-O-O Bb7 7. f3 Nd7 8. h4
h5 9. Nh3 e6 10. Ng5 Qe7 11. Bd3 Ngf6 12. Rhe1 Rc8 13. d5 e5 14. Kb1 c6 15.
dxc6 Rxc6 16. a4 bxa4 17. Nxa4 O-O 18. c4 Rb8 19. Qa5 Rcc8 20. Re2 Nh7 21. Nxh7
Kxh7 22. Qd2 Bc6 23. Nc3 Nc5 24. Nd5 Bxd5 25. cxd5 Na4 26. Qe1 Nc3+ 27. Ka1
Nxd1 28. Qxd1 Bh6 29. Bxh6 Kxh6 30. g3 Qc7 31. Qd2+ Kg7 32. Re1 Qb6 33. g4 Qd4
34. gxh5 Rb3 35. Re3 Rcb8 0-1

[Event "Tradewise Gibraltar Chess Festival 2013"]
[Site "Gibraltar ENG"]
[Date "2013.01.28"]
[Round "7.70"]
[White "Kvisla, Johannes Luangtep"]
[Black "Nazarenus, Moritz"]
[Result "1/2-1/2"]
[WhiteElo "2148"]
[BlackElo "2248"]
[PlyCount "104"]
[EventDate "2013.01.22"]
[EventType "swiss"]
[EventRounds "10"]
[EventCountry "ENG"]
[Source "lmi"]
[SourceDate "2013.01.22"]

1. d4 d5 2. c4 c6 3. Nf3 Nf6 4. Nc3 e6 5. Bg5 Nbd7 6. cxd5 exd5 7. e3 Be7 8.
Bd3 O-O 9. Qc2 Re8 10. O-O Nf8 11. Rab1 g6 12. b4 Ne6 13. Bh4 a6 14. a4 a5 15.
b5 c5 16. dxc5 Nxc5 17. Rbd1 Nxd3 18. Qxd3 Bf5 19. Qe2 Ne4 20. Nxe4 Bxh4 21.
Nxh4 Bxe4 22. Nf3 Rc8 23. Nd4 Qg5 24. f3 Bf5 25. Nxf5 Qxf5 26. Qd3 Qe5 27. Rfe1
Rc4 28. Qxd5 Rxa4 29. Qxb7 Ra2 30. Qd7 Rb8 31. Rb1 Qg5 32. Qg4 Rxb5 33. Rxb5
Qxb5 34. Qc8+ Kg7 35. Qc3+ Kh6 36. h4 a4 37. Ra1 Qb3 38. Rc1 Re2 39. Qc5 Qxe3+
40. Qxe3+ Rxe3 41. Rc5 a3 42. Ra5 Re1+ 43. Kf2 Ra1 44. Kg3 Kg7 45. Ra6 h5 46.
Kh2 Kf8 47. Ra7 Ke8 48. Kg3 f6 49. Ra6 Ke7 50. Kh2 Kf7 51. Kg3 f5 52. Kf4 a2
1/2-1/2

[Event "Tradewise Gibraltar Chess Festival 2013"]
[Site "Gibraltar ENG"]
[Date "2013.01.28"]
[Round "7.71"]
[White "Nuri, Kambez"]
[Black "Rujan, Rodel-Marinel"]
[Result "1-0"]
[WhiteElo "2241"]
[BlackElo "1759"]
[PlyCount "107"]
[EventDate "2013.01.22"]
[EventType "swiss"]
[EventRounds "10"]
[EventCountry "ENG"]
[Source "lmi"]
[SourceDate "2013.01.22"]

1. e4 d6 2. d4 Nf6 3. Nc3 g6 4. Nf3 Bg7 5. h3 O-O 6. Be3 a6 7. a4 b6 8. e5 Nfd7
9. e6 fxe6 10. d5 Nf6 11. Bc4 c6 12. Ng5 cxd5 13. Nxd5 exd5 14. Bxd5+ Nxd5 15.
Qxd5+ Kh8 16. Qxa8 Bxb2 17. Rb1 Bc3+ 18. Kf1 Qc7 19. Qd5 Bb7 20. Qb3 Qc6 21.
Rh2 Be5 22. Nf7+ Rxf7 23. Qxf7 Nd7 24. Bh6 Qc8 25. Re1 Qg8 26. Qxg8+ Kxg8 27.
f4 Bf6 28. g4 Kf7 29. Rhe2 Bh4 30. Bg5 Bxg5 31. fxg5 e5 32. c4 Nc5 33. Rd2 Ke7
34. Red1 Bf3 35. Rb1 Nxa4 36. Rb3 Be4 37. Re3 Nc5 38. Rb2 b5 39. cxb5 axb5 40.
Rxb5 Bd3+ 41. Rxd3 Nxd3 42. Rb7+ Ke6 43. Rxh7 d5 44. h4 e4 45. h5 gxh5 46. gxh5
Nf4 47. h6 d4 48. Ra7 d3 49. h7 d2 50. Ra1 e3 51. h8=Q e2+ 52. Kf2 d1=Q 53.
Qf6+ Kd5 54. Qd8+ 1-0

[Event "Tradewise Gibraltar Chess Festival 2013"]
[Site "Gibraltar ENG"]
[Date "2013.01.28"]
[Round "7.72"]
[White "Mueller, Hans-Dieter"]
[Black "Lederman, Leon"]
[Result "0-1"]
[WhiteElo "2087"]
[BlackElo "2239"]
[PlyCount "62"]
[EventDate "2013.01.22"]
[EventType "swiss"]
[EventRounds "10"]
[EventCountry "ENG"]
[Source "lmi"]
[SourceDate "2013.01.22"]

1. e4 c5 2. c3 d5 3. exd5 Qxd5 4. d4 Nf6 5. Nf3 e6 6. Na3 a6 7. Nc4 Nbd7 8. Ne3
Qd6 9. Be2 Be7 10. Nc4 Qc7 11. O-O O-O 12. Bg5 b5 13. Nce5 Nb6 14. dxc5 Qxc5
15. Qd4 Qxd4 16. Nxd4 Bb7 17. Rfd1 Rac8 18. Bf3 Bxf3 19. Ndxf3 Na4 20. Rab1 h6
21. Bxf6 gxf6 22. Rd7 Rfe8 23. Ng4 Kg7 24. Ne3 Bc5 25. Nd4 Re7 26. Rxe7 Bxe7
27. Kh1 f5 28. Ndxf5+ exf5 29. Nxf5+ Kf8 30. Nxh6 Rd8 31. Nf5 Rd2 0-1

[Event "Tradewise Gibraltar Chess Festival 2013"]
[Site "Gibraltar ENG"]
[Date "2013.01.28"]
[Round "7.73"]
[White "Novoa, Fernando"]
[Black "Rudolf, Anna"]
[Result "1/2-1/2"]
[WhiteElo "2017"]
[BlackElo "2312"]
[PlyCount "60"]
[EventDate "2013.01.22"]
[EventType "swiss"]
[EventRounds "10"]
[EventCountry "ENG"]
[Source "lmi"]
[SourceDate "2013.01.22"]

1. d4 d5 2. c4 e6 3. Nf3 Nf6 4. g3 Bb4+ 5. Bd2 Bxd2+ 6. Nbxd2 O-O 7. Bg2 b6 8.
O-O Bb7 9. Rc1 Nbd7 10. cxd5 exd5 11. Ne5 Nxe5 12. dxe5 Ng4 13. Nf3 Qe7 14. Qd4
f5 15. b4 c6 16. h3 Nh6 17. Ne1 Nf7 18. f4 Nd8 19. Nd3 Ne6 20. Qb2 Rac8 21.
Rfd1 Rfd8 22. e3 Ba6 23. Qa3 Bb5 24. Qb2 Qf7 25. Kh2 Qg6 26. Ne1 Rc7 27. Nf3
Qf7 28. Nd4 Nxd4 29. exd4 Bc4 30. a4 Qe6 1/2-1/2

[Event "Tradewise Gibraltar Chess Festival 2013"]
[Site "Gibraltar ENG"]
[Date "2013.01.28"]
[Round "7.75"]
[White "Kandic, Milan"]
[Black "Garcia Jimenez, Francisco Javi"]
[Result "0-1"]
[WhiteElo "2090"]
[BlackElo "2278"]
[PlyCount "52"]
[EventDate "2013.01.22"]
[EventType "swiss"]
[EventRounds "10"]
[EventCountry "ENG"]
[Source "lmi"]
[SourceDate "2013.01.22"]

1. e4 d5 2. exd5 Qxd5 3. Nc3 Qa5 4. d4 Nf6 5. Nf3 Bf5 6. Bc4 e6 7. Bd2 c6 8.
Ne5 Qb6 9. Bc1 Bd6 10. O-O O-O 11. Bb3 Qc7 12. Nf3 Nbd7 13. h3 h6 14. Be3 Rfe8
15. Qd2 Rad8 16. Rad1 Bg6 17. Rfe1 Bh5 18. g4 Bg6 19. Qc1 a6 20. Bc4 c5 21. Bd3
Bxd3 22. Rxd3 c4 23. Rdd1 b5 24. a3 Qb7 25. Nh2 e5 26. Nf1 Qf3 0-1

[Event "Tradewise Gibraltar Chess Festival 2013"]
[Site "Gibraltar ENG"]
[Date "2013.01.28"]
[Round "7.77"]
[White "Compton, Alistair"]
[Black "Smith, Andrew Philip"]
[Result "0-1"]
[WhiteElo "2087"]
[BlackElo "2175"]
[PlyCount "98"]
[EventDate "2013.01.22"]
[EventType "swiss"]
[EventRounds "10"]
[EventCountry "ENG"]
[Source "lmi"]
[SourceDate "2013.01.22"]

1. e4 c5 2. c3 d5 3. exd5 Qxd5 4. d4 e6 5. Nf3 Nf6 6. Na3 Nbd7 7. Nb5 Qc6 8.
dxc5 Bxc5 9. Nbd4 Qc7 10. Be2 O-O 11. O-O a6 12. Bg5 b6 13. Re1 Bb7 14. Qd2 Ne4
15. Qc2 e5 16. Bd3 Nxg5 17. Nxg5 exd4 18. Bxh7+ Kh8 19. cxd4 Qf4 20. dxc5 Qxg5
21. c6 Rac8 22. Be4 Bxc6 23. Bxc6 Nb8 24. f4 Qa5 25. b4 Qxb4 26. Re4 Qa3 27.
Rc4 Qe3+ 28. Kh1 Nxc6 29. Rxc6 Rxc6 30. Qxc6 Re8 31. h3 a5 32. f5 f6 33. Rb1
Rd8 34. Qe6 Qf2 35. Re1 Kh7 36. Qe3 Qxa2 37. Qf3 Qf7 38. Rb1 Rb8 39. Qf4 Rb7
40. Rd1 Rd7 41. Rc1 Qh5 42. Kh2 Re7 43. Rc6 Rb7 44. Qe4 Qh6 45. Rc4 b5 46. Rd4
Rc7 47. Qe8 Rc4 48. Rxc4 bxc4 49. Qe4 c3 0-1

[Event "Tradewise Gibraltar Chess Festival 2013"]
[Site "Gibraltar ENG"]
[Date "2013.01.28"]
[Round "7.78"]
[White "Thornton, John D"]
[Black "Vinas Guerrero, Carlos A"]
[Result "0-1"]
[WhiteElo "2053"]
[BlackElo "2167"]
[PlyCount "109"]
[EventDate "2013.01.22"]
[EventType "swiss"]
[EventRounds "10"]
[EventCountry "ENG"]
[Source "lmi"]
[SourceDate "2013.01.22"]

1. e4 e5 2. Nf3 Nc6 3. Bb5 f5 4. Nc3 fxe4 5. Nxe4 Nf6 6. Nxf6+ Qxf6 7. Qe2 Be7
8. Bxc6 dxc6 9. Nxe5 Bf5 10. O-O O-O-O 11. d3 Rhe8 12. f4 Bd6 13. d4 Bxe5 14.
fxe5 Qg6 15. Rf4 Bxc2 16. Be3 Bf5 17. Rc1 Be6 18. b4 Bd5 19. Qg4+ Re6 20. Qxg6
Rxg6 21. Rc2 b6 22. g3 Kb7 23. Kf2 Ka6 24. a3 Kb5 25. Bc1 h5 26. Ke3 Re8 27.
Bb2 Rh8 28. Kd3 h4 29. gxh4 Rgh6 30. Ke3 Rxh4 31. Rxh4 Rxh4 32. Rf2 Kc4 33. Kd2
Kb3 34. Ke3 Re4+ 35. Kd3 Re1 36. Bc3 Re4 37. Rb2+ Kxa3 38. Rg2 Rh4 39. Rxg7
Rxh2 40. Rxc7 Rh3+ 41. Kc2 Be4+ 42. Kd2 Rd3+ 43. Kc2 Rxd4+ 44. Kc1 Rc4 45. Kd2
Kb3 46. Ba1 Rxb4 47. e6 c5 48. e7 Bg6 49. Rxa7 Re4 50. Bf6 Re6 51. Bg5 c4 52.
Rc7 b5 53. Kc1 c3 54. e8=Q Rxe8 55. Re7 0-1

[Event "Tradewise Gibraltar Chess Festival 2013"]
[Site "Gibraltar ENG"]
[Date "2013.01.28"]
[Round "7.79"]
[White "Osuna Vega, Enrique"]
[Black "Fairbairn, Stephen"]
[Result "1/2-1/2"]
[WhiteElo "2157"]
[BlackElo "2021"]
[PlyCount "106"]
[EventDate "2013.01.22"]
[EventType "swiss"]
[EventRounds "10"]
[EventCountry "ENG"]
[Source "lmi"]
[SourceDate "2013.01.22"]

1. c3 d5 2. d4 Nf6 3. Nf3 g6 4. Bf4 Bg7 5. e3 O-O 6. Bd3 Nbd7 7. h3 c5 8. Nbd2
b6 9. e4 dxe4 10. Nxe4 Bb7 11. Nxf6+ Bxf6 12. dxc5 Nxc5 13. Bc2 Qxd1+ 14. Rxd1
Rfd8 15. O-O Ba6 16. Rxd8+ Rxd8 17. Rb1 Bb7 18. Be3 Ne4 19. a4 e6 20. a5 bxa5
21. Ra1 a6 22. Rxa5 Rd5 23. Bxe4 Rxa5 24. Bxb7 Ra1+ 25. Kh2 Ra2 26. Bd4 Bxd4
27. Nxd4 Rxb2 28. Bxa6 Rxf2 29. c4 e5 30. Nc6 e4 31. Ne7+ Kf8 32. Nd5 f5 33.
Kg3 Ra2 34. Bb5 g5 35. Bd7 f4+ 36. Nxf4 gxf4+ 37. Kxf4 Rxg2 38. Kxe4 Ke7 39.
Bf5 h6 40. c5 Rd2 41. Ke5 Rd1 42. c6 Rc1 43. Bd7 Rc5+ 44. Kd4 Kd6 45. Ke4 h5
46. Kf4 Ke7 47. Ke4 Kd6 48. Kd4 h4 49. Ke4 Ke7 50. Kf4 Kf6 51. Kg4 Rc4+ 52. Kh5
Kg7 53. Kg5 Rxc6 1/2-1/2

[Event "Tradewise Gibraltar Chess Festival 2013"]
[Site "Gibraltar ENG"]
[Date "2013.01.28"]
[Round "7.80"]
[White "Van Kemenade, Rudy"]
[Black "Pena Riasco, Alexander"]
[Result "0-1"]
[WhiteElo "2043"]
[BlackElo "2156"]
[PlyCount "66"]
[EventDate "2013.01.22"]
[EventType "swiss"]
[EventRounds "10"]
[EventCountry "ENG"]
[Source "lmi"]
[SourceDate "2013.01.22"]

1. f4 d5 2. Nf3 Bf5 3. d3 e6 4. g3 Bc5 5. d4 Bb6 6. Bg2 c5 7. e3 Nc6 8. c3 Nf6
9. Nbd2 h6 10. Ne5 O-O 11. O-O Ne8 12. g4 Bh7 13. Kh1 f6 14. Nxc6 bxc6 15. dxc5
Bxc5 16. e4 Nd6 17. exd5 Bd3 18. Re1 exd5 19. Nb3 Bf2 20. Re6 Bc4 21. Qf3 Bb6
22. Be3 d4 23. Nxd4 Bxd4 24. Rxd6 Qxd6 25. Bxd4 Bd5 26. Qf2 a6 27. Kg1 Bxg2 28.
Bc5 Qd3 29. Bxf8 Bd5 30. Bc5 Qe4 31. Kf1 Re8 32. b3 Qd3+ 33. Kg1 Re2 0-1

[Event "Tradewise Gibraltar Chess Festival 2013"]
[Site "Gibraltar ENG"]
[Date "2013.01.28"]
[Round "7.82"]
[White "Allor, Chukwuka"]
[Black "Bryn, Askild"]
[Result "1-0"]
[WhiteElo "2154"]
[BlackElo "2019"]
[PlyCount "51"]
[EventDate "2013.01.22"]
[EventType "swiss"]
[EventRounds "10"]
[EventCountry "ENG"]
[Source "lmi"]
[SourceDate "2013.01.22"]

1. e4 c5 2. Nf3 Nc6 3. Bb5 g6 4. O-O Bg7 5. Re1 e5 6. d3 Nge7 7. Nc3 O-O 8. Bg5
h6 9. Bxc6 hxg5 10. Bd5 Nxd5 11. Nxd5 g4 12. Nd2 Qh4 13. Nc4 f5 14. exf5 Rxf5
15. g3 Qg5 16. Qc1 Qd8 17. Nd6 Rf3 18. Re4 Qf8 19. Nxc8 Rxc8 20. Qg5 Re8 21.
Rxg4 Re6 22. Qd2 Qf5 23. Re4 g5 24. Qe2 d6 25. Kg2 g4 26. Ne3 1-0

[Event "Tradewise Gibraltar Chess Festival 2013"]
[Site "Gibraltar ENG"]
[Date "2013.01.28"]
[Round "7.83"]
[White "Ungureanu, Sandu"]
[Black "Walton, Alan J"]
[Result "0-1"]
[WhiteElo "2019"]
[BlackElo "2153"]
[PlyCount "46"]
[EventDate "2013.01.22"]
[EventType "swiss"]
[EventRounds "10"]
[EventCountry "ENG"]
[Source "lmi"]
[SourceDate "2013.01.22"]

1. e4 e6 2. d4 d5 3. exd5 exd5 4. Bf4 Nf6 5. Bd3 c5 6. dxc5 Bxc5 7. Bxb8 Rxb8
8. Bb5+ Kf8 9. Qe2 a6 10. Bd3 Qb6 11. c3 Bg4 12. Qc2 Re8+ 13. Kf1 Nd7 14. h3
Ne5 15. Na3 Nxd3 16. Qxd3 Qxb2 17. Nc2 Bd7 18. a4 Bxa4 19. Qxd5 Qxc3 20. Re1
Bb5+ 21. Ne2 Qxc2 22. Kg1 Bxe2 23. Kh2 Qc4 0-1

[Event "Tradewise Gibraltar Chess Festival 2013"]
[Site "Gibraltar ENG"]
[Date "2013.01.28"]
[Round "7.84"]
[White "Hackner, Oskar A"]
[Black "Weber, Francois"]
[Result "1/2-1/2"]
[WhiteElo "2015"]
[BlackElo "2150"]
[PlyCount "133"]
[EventDate "2013.01.22"]
[EventType "swiss"]
[EventRounds "10"]
[EventCountry "ENG"]
[Source "lmi"]
[SourceDate "2013.01.22"]

1. d4 f5 2. Bg5 g6 3. c4 Bg7 4. Nc3 Nf6 5. e3 d6 6. h4 h6 7. Bf4 e6 8. Be2 Qe7
9. Nf3 Nh5 10. Qa4+ c6 11. Qa3 Nxf4 12. exf4 Nd7 13. O-O-O Nf6 14. g3 Ne4 15.
Rh2 b6 16. Bd3 Nxc3 17. Qxc3 c5 18. Be2 Bb7 19. Qd2 O-O-O 20. dxc5 dxc5 21. Qe3
Rxd1+ 22. Bxd1 Rd8 23. Ne5 Rd4 24. Bb3 Re4 25. Qc3 Qc7 26. f3 Rd4 27. Re2 g5
28. hxg5 hxg5 29. Qe3 gxf4 30. gxf4 Bh6 31. Ng6 Bxf4 32. Nxf4 Qxf4 33. Qxf4
Rxf4 34. Rxe6 Bxf3 35. Kd2 Be4 36. Re7 a5 37. Ke2 Bb1 38. Rf7 Rd4 39. Ke3 Re4+
40. Kf2 Rh4 41. Kg3 Rd4 42. Rf6 Kc7 43. Rf7+ Kd6 44. Rf6+ Kc7 45. Rf7+ Kd6 46.
Rf6+ Ke5 47. Rxb6 Rd2 48. Rc6 f4+ 49. Kh4 Kd4 50. Kg4 Ke3 51. Re6+ Be4 52. Ba4
Rd4 53. Bc2 Rxc4 54. Bb1 f3 55. Kg3 Rd4 56. b3 f2 57. Bxe4 Rxe4 58. Rxe4+ Kxe4
59. Kxf2 Kd3 60. Ke1 Kc2 61. Ke2 Kb2 62. Kd3 Kxa2 63. Kc2 Ka3 64. Kc3 a4 65.
bxa4 Kxa4 66. Kc4 Ka3 67. Kxc5 1/2-1/2

[Event "Tradewise Gibraltar Chess Festival 2013"]
[Site "Gibraltar ENG"]
[Date "2013.01.28"]
[Round "7.85"]
[White "Reppen, Ellisiv"]
[Black "Jameson, David"]
[Result "0-1"]
[WhiteElo "2005"]
[BlackElo "2143"]
[PlyCount "48"]
[EventDate "2013.01.22"]
[EventType "swiss"]
[EventRounds "10"]
[EventCountry "ENG"]
[Source "lmi"]
[SourceDate "2013.01.22"]

1. e4 e5 2. Nf3 Nc6 3. Bb5 a6 4. Ba4 Nf6 5. O-O Nxe4 6. d4 b5 7. Bb3 d5 8. dxe5
Be6 9. c3 Bc5 10. Bf4 g5 11. Bc1 g4 12. Nd4 Nxe5 13. Nxe6 fxe6 14. Bf4 Ng6 15.
Qxg4 Nxf4 16. Qxf4 Nxf2 17. Qf3 Ng4+ 18. Kh1 Rf8 19. Qe2 Rxf1+ 20. Qxf1 Qh4 21.
h3 Nf2+ 22. Kh2 Qf4+ 23. g3 Ng4+ 24. Kg2 Ne3+ 0-1

[Event "Tradewise Gibraltar Chess Festival 2013"]
[Site "Gibraltar ENG"]
[Date "2013.01.28"]
[Round "7.86"]
[White "Lipecki, Alexander"]
[Black "Spanton, Tim R"]
[Result "1-0"]
[WhiteElo "2138"]
[BlackElo "2017"]
[PlyCount "45"]
[EventDate "2013.01.22"]
[EventType "swiss"]
[EventRounds "10"]
[EventCountry "ENG"]
[Source "lmi"]
[SourceDate "2013.01.22"]

1. d4 d5 2. Nf3 Nc6 3. c3 Bg4 4. Qb3 Bxf3 5. exf3 Rb8 6. Bb5 a6 7. Bxc6+ bxc6
8. Qa4 Rb6 9. b4 e6 10. Be3 Bd6 11. Nd2 Ne7 12. a3 Nf5 13. c4 Nxe3 14. fxe3
Qh4+ 15. Ke2 dxc4 16. Nxc4 O-O 17. Nxb6 cxb6 18. Qxc6 Rd8 19. g3 Qe7 20. Rac1
e5 21. dxe5 Bxe5 22. Rhd1 Bd4 23. Qe4 1-0

[Event "Tradewise Gibraltar Chess Festival 2013"]
[Site "Gibraltar ENG"]
[Date "2013.01.28"]
[Round "7.87"]
[White "Onabogun, Kolade"]
[Black "Valhondo Morales, Ruben"]
[Result "0-1"]
[WhiteElo "1978"]
[BlackElo "2136"]
[PlyCount "72"]
[EventDate "2013.01.22"]
[EventType "swiss"]
[EventRounds "10"]
[EventCountry "ENG"]
[Source "lmi"]
[SourceDate "2013.01.22"]

1. e4 e5 2. Nf3 Nc6 3. Bb5 a6 4. Ba4 Nf6 5. d3 d6 6. c3 g6 7. O-O Bg7 8. Bg5 h6
9. Bh4 O-O 10. Nbd2 Ne7 11. d4 Nh5 12. dxe5 dxe5 13. Bg3 Nxg3 14. hxg3 b5 15.
Bb3 Bb7 16. Qe2 c5 17. Rfd1 Qc7 18. Nf1 Kh8 19. g4 Ng8 20. g5 c4 21. Bc2 hxg5
22. Nxg5 Bh6 23. Nf3 Nf6 24. N3h2 Kg7 25. Qf3 Rh8 26. Ng4 Nxg4 27. Qxg4 Bc8 28.
Qf3 Be6 29. Nh2 Bg5 30. Nf1 Rh4 31. Ne3 Rah8 32. g3 Rh2 33. Ng4 Rh1+ 34. Kg2
Qc8 35. Rd8 Bxg4 36. Rxc8 R8h2# 0-1